Представление документа в формате RUSMARC

ПолеНазваниеЗначение
  Тип записи c
  Библиографический уровень m
001 Контрольный номер UONB/MAIN/4fde5e6cdae34337854d544836119483
005 Дата корректировки 20250321143425.1
010 Индекс ISBN __
9 Тираж 1630 экз.
013 Номер (ISMN) __
d Цена 1 р.
071 Издательские номер (звукозапись и ноты) 21
a Номер, присвоенный агентством 3123
100 Данные общей обработки __
a Данные общей обработки 20250321d1974 u y0rusy0189 ca
101 Язык документа 0_
a Язык текста rus
f Язык титульного листа rus
102 Страна публикации __
a Страна публикации RU
125 Кодированные данные звукозаписи и нотных изданий __
a Форма изложения нотного текста с
128 Кодированные данные (звукозаписи-физические характеристики) __
a Кодированные данные: Музыкальная форма и тональность или лад sg
c Инструменты или голоса, рекомендуемые для солистов (устаревшее) vu
200 Заглавие и сведения об ответственности 1_
a Заглавие Вокальные произведения
e Сведения, относящиеся к заглавию для голоса в сопровождении фортепиано
f Первые сведения об ответственности М. Таривердиев
203 Вид содержания и тип средства __
a Вид содержания Музыка
b Характеристика содержания знаковая
c Тип средства непосредственная
210 Выходные данные 1_
a Место издания Москва
c Издательство Советский композитор
d Дата издания 1974
215 Физическое описание __
a Объем 79 с.
d Формат 29 см
327 Примечание о содержании 11
a Примечание о содержании Содерж.: Вокальный цикл на стихи Л. Мартынова : Вечерело ; Вода ; Листья. - Три романса из вокального цикла на стихи С. Кирсанова : Твои рисунки ; И за белой скатертью ; Приезжай. - Вокальный цикл на стихи Б. Ахмадулиной : Старинный романс ; Я думала, что ты мне враг ; Пятнадцать мальчиков. - Две песни на стихи М. Цветаевой : Мой милый, что тебе я сделала? ; Попытка ревности. - Три песни из вокального цикла на стихи А. Вознесенского : Тишины! ; Роща ; Загляжусь ли на поезд.
464 Аналитический уровень _0
1 036
t Вечерело. Луч закатный...
1 702 1
a Мартынов
b Л.
4 520
1 2001
a Вечерело...
e соч. 14 № 1
464 Аналитический уровень _0
1 036
t Твое рисунки - неземные...
1 702 1
a Кирсанов
b С.
4 520
1 2001
a Твои рисунки
e соч. № 11
1 50010
a Вокальный цикл на стихи С. Кирсанова
464 Аналитический уровень _0
1 036
t Не уделяй мне много времени...
1 702 1
a Ахмадулина
b Б.
4 520
1 2001
a Старинный романс
464 Аналитический уровень _0
1 036
t Как живется вам с другою...
1 702 1
a Цветаева
b М.
4 520
1 2001
a Попытка ревности
464 Аналитический уровень _0
1 036
t Вчера еще в глаза глядел...
1 702 1
a Цветаева
b М.
4 520
1 2001
a Мой милый, что тебе я сделала?
464 Аналитический уровень _0
1 036
t Тишины хочу! Тишины!..
1 702 1
a Вознесенский
b А.
4 520
1 2001
a Тишины!
e соч. 18
464 Аналитический уровень _0
1 036
t Вода благоволила литься...
1 702 1
a Мартынов
b Л.
4 520
1 2001
a Вода
464 Аналитический уровень _0
1 036
t Они лежали на панели...
1 702 1
a Мартынов
b Л.
4 520
1 2001
a Листья
464 Аналитический уровень _0
1 702 1
a Кирсанов
b С.
4 520
1 2001
a И за белой скатертью...
464 Аналитический уровень _0
1 036
t Приезжай ко мне во сне...
1 702 1
a Кирсанов
b С.
4 520
1 2001
a Приезжай
464 Аналитический уровень _0
1 702 1
a Ахмадулина
b Б.
4 520
1 2001
a Я думала, что ты мне враг...
464 Аналитический уровень _0
1 036
t Пятнадцать мальчиков, а, может быть, и больше...
1 702 1
a Ахмадулина
b Б.
4 520
1 2001
a Пятнадцать мальчиков
464 Аналитический уровень _0
1 702 1
a Вознесенский
b А.
4 520
1 2001
a Загляжусь ли на поезд...
464 Аналитический уровень _0
1 036
t Не трожь человека...
1 702 1
a Вознесенский
b А.
4 520
1 2001
a Роща
606 Тематические рубрики 0_
a Основная рубрика Сольное пение
x Основная подрубрика Вокальные циклы советских композиторов
610 Ключевые слова 0_
a Ключевые слова сольное пение; вокальные циклы; Таривердиев М. Л.
686 Индексы других классификаций __
a Классификационный индекс 85.943.4-42(2)я44
2 Код системы rubbk
700 Автор _1
a Фамилия Таривердиев
b Имя (инициалы) М. Л.
g Полное личное имя Микаэл Леонович
801 Источник записи _0
a Страна RU
b Организация Ульяновская ОНБ
c Дата составления 20250321
g Правила каталогизации RCR
801 Источник записи _1
a Страна RU
b Организация Ульяновская ОНБ
c Дата составления 20250321
g Правила каталогизации RCR
901 Тип документа __
t Тип документа m
909 Создатель записи __
a Создатель записи Грязнова И. Е.
b Дата создания записи 20250321